Rigoberta : I maya e il mondo

محفوظ في:
التفاصيل البيبلوغرافية
المؤلف الرئيسي: Menchú Tum, Rigoberta
التنسيق: كتاب
اللغة:Undetermined
منشور في: Firenze, Italia Giunti 1997
الموضوعات:
الوسوم: إضافة وسم
لا توجد وسوم, كن أول من يضع وسما على هذه التسجيلة!

MARC

LEADER 00000nam a2200000Ia 4500
008 170316s9999 xx 000 0 und d
999 |c 8172  |d 8172 
040 |a cru BVZT 
090 |a 850 M-3.1r 
100 |a Menchú Tum, Rigoberta 
245 |a Rigoberta : I maya e il mondo  |c / Rigoberta Menchú Tum 
260 |a Firenze, Italia  |b Giunti  |c 1997 
300 |a 350 páginas 
650 |a LITERATURA ITALIANA  |9 212 
650 |a RIGOBERTA MENCHÚ 
650 |a AUTOBIOGRAFÍA  |9 270 
942 |c 15 D  |h 850 M-3.1r  |2 z